000 00518nam a2200169Ia 4500
003 GCL
008 140319s9999 xx 000 0 ara d
040 _aGCL /
_cGCL
082 0 4 _a809
_bس م
100 1 _aسعيد علوش
245 1 0 _aمدارس الادب المقارن , دراسة منهجية /
_cسعيد علوش
260 _aالقاهرة :
_bالمركز الثقافى العربى ،
_c1987
300 _a344 ص ؛
_c24 سم
490 _a
650 0 4 _aالادب العربى
942 _2ddc
_cBK
999 _c36483
_d36483